Statistics for Easternmost English counties.

Click here to take the quiz!

General Stats

  • This quiz has been taken 40 times
  • The average score is 4 of 5

Answer Stats

RankAnswer% Correct
3Kent
97%
2Norfolk
97%
4Essex
91%
1Suffolk
88%
5East Sussex
71%

Score Distribution

Percentile by Number Answered

Percent of People with Each Score

Your Score History

You have not taken this quiz